000 00365nam a22001337a 4500
082 _a297.4
_bALI
100 _aAli, Sultan Muhammad
245 _aAbyat e Bahoo /
_cSultan Muhammad Ali
260 _aLahore :
_bAl-Arifeen Publications,
_c2018.
300 _a79 p. ;
_c22 cm.
563 _aPBK.
880 _6245-02\r
_aابیات باہو /
942 _2ddc
_cBK
999 _c590288
_d590288